Cantantes Mexicanos - Estadísticas

Estadísticas generales
  • Esta prueba ha sido intentada 154 veces
  • La puntuación promedio es 22 de 51
Estadísticas de respuestas
Imagen Respuesta % Correcto
Vicente Fernández
85%
Peso Pluma
83%
Luis Miguel
80%
Juan Gabriel
75%
José José
74%
María José
74%
Belinda
73%
Christian Nodal
69%
Thalía
69%
Alejandro Fernández
67%
Cristian Castro
66%
Marco Antonio Solís
66%
Danna Paola
61%
Yuri
58%
Jenny Rivera
57%
Paulina Rubio
57%
Carlos Rivera
54%
Alejandra Guzmán
53%
Joan Sebastian
52%
Gloria Trevi
48%
Julieta Venegas
46%
Antonio Aguilar
45%
Lucero
44%
Dulce María
43%
Emmanuel
43%
Mijares
41%
Chalino Sánchez
40%
Babo
39%
Valentín Elizalde
39%
Ana Gabriel
38%
Yuridia
37%
Natalia Lafourcade
33%
José Alfredo Jiménez
32%
Ana Bárbara
30%
Daniela Romo
30%
Kalimba
30%
Paty Cantú
30%
Armando Manzanero
29%
Javier Solís
29%
Alicia Villarreal
26%
León Larregui
22%
Aleks Syntek
21%
Fey
20%
Marisela
20%
Celso Piña
16%
Lola Beltrán
16%
Aida Cuevas
15%
Mario Domm
13%
Piporro
11%
Reyli Barba
11%
Sasha Sokol
9%
No se encontraron pruebas coincidentes
Distribución de puntuación
Porcentaje de gente con cada puntuación
Porcentaje por número respondido
Historial de tus puntuaciones
No has intentado esta prueba.